Tengelic majorjai és szőlőhegyei

Elmentve itt :
Bibliográfiai részletek
Szerző: Takler Annamária
További közreműködők: Bajmócy Péter András (Témavezető)
Dokumentumtípus: Szakdolgozat
Megjelent: 2020
Tárgyszavak:
Online Access:http://diploma.bibl.u-szeged.hu/110045
LEADER 00721nta a2200193 i 4500
001 dipl110045
005 20210326084635.0
008 210323s2020 hu om 0|| zxx d
040 |a SZTE Diploma Repozitórium  |b hun 
041 |a zxx 
100 1 |a Takler Annamária 
245 1 0 |a Tengelic majorjai és szőlőhegyei  |h [elektronikus dokumentum] /  |c Annamária Takler 
246 1 0 |a The Manors and Vinyards of Tengelic  |h [elektronikus dokumentum] 
260 |c 2020 
650 4 |a Természettudományok 
650 4 |a Natural sciences 
650 4 |a Earth and related environmental sciences 
700 1 |a Bajmócy Péter András  |e ths 
856 4 0 |u http://diploma.bibl.u-szeged.hu/id/eprint/110045/1/2020_takler_annamaria.pdf  |z Dokumentum-elérés